Agregácia údajov flexibilnými kvantifikovanými dopytmi a interpretácia na mapách diplomová práca

Salvato in:
Dettagli Bibliografici
Autore principale: Malovcová, Kristína
Ente Autore: Fakulta hospodárskej informatiky EU. Katedra aplikovanej informatiky
Altri autori: Hudec, Miroslav, 1969-
Natura: Libro
Lingua:slovacco
Pubblicazione: Bratislava 2021
Tags: Aggiungi Tag
Nessun Tag, puoi essere il primo ad aggiungerne!!

MARC

LEADER 00000nbm a2200000 4500
001 0276106
005 20220318125009.2
041 0 |a slo 
044 |a SK 
245 1 0 |a Agregácia údajov flexibilnými kvantifikovanými dopytmi a interpretácia na mapách  |b diplomová práca  |c Kristína Malovcová ; školiteľ: Miroslav Hudec 
264 1 |a Bratislava  |c 2021 
300 |a 69 s. 
100 1 |a Malovcová, Kristína 
700 1 |a Hudec, Miroslav, 1969- 
710 2 |a Fakulta hospodárskej informatiky EU. Katedra aplikovanej informatiky